000 00717nam a22001577a 4500
003 OSt
005 20151006130908.0
008 151006b xxu||||| |||| 00| 0 eng d
040 _cAUR
082 _aAVM THI 2000 B072 Or.1
100 _92146
_aTHIM, BUNTHOEUN.
245 _aThe involvement of women in cidse pig raising in mukkampol district, kandal province, ការចូលរួមរបស់ស្រ្តីក្នុងការចិញ្ចឹមជ្រូក នៃកម្មវិធីអង្គការ ស៊ីដសេ ស្រុកមុខកំពូល ខេត្តកណ្តាល
260 _aPhnom Penh
_bRUA
_c2000
300 _aviii; 63p.
_bill.
_c29cm.
942 _2ddc
_cAVM
999 _c2016
_d2016